| 000 | 00494pab a2200193 454500 | ||
|---|---|---|---|
| 008 | 180718b2017 xxu||||| |||| 00| 0 eng d | ||
| 100 | _aBailey, Daniel | ||
| 245 | _aThe metagovernance of English devolution | ||
| 260 | _c2017 | ||
| 300 | _ap.966-991. | ||
| 362 | _aDec | ||
| 650 | _aGovernance network | ||
| 650 | _aGovernance | ||
| 650 | _alocal government | ||
| 650 | _aPublic administration | ||
| 700 | _aWood, Matthew | ||
| 773 | _aLocal Government Studies | ||
| 909 | _a116897 | ||
| 999 |
_c116891 _d116891 |
||